LEADER 01628nam 2200349 n 450 001 996392896503316 005 20200824121733.0 035 $a(CKB)4940000000110272 035 $a(EEBO)2248500835 035 $a(UnM)99866457e 035 $a(UnM)99866457 035 $a(EXLCZ)994940000000110272 100 $a19940405d1655 uy | 101 0 $aeng 135 $aurbn||||a|bb| 200 14$aThe fourth principle of Christian religion: or, the foundation doctrine of laying on of hands$b[electronic resource] $eAsserted and vindicated by way of answer to such arguments as by Lieutenant Colonel Paul Hobson have been presented against this Gospel ordinance. Affectionately tendred to such enquiring souls as are desirous throughly to forsake Babylon notion an humane tradition, and by universall obedience to follow the lamb in all his righteous appointments. /$fBy Tho. Tillam a minister of Jesus Christ 210 $aLondon, $cPrinted by E.C. for Henry Eversden, and are to be sold by William Hucheson of Durham$dM.DC.LV. [1655] 215 $a[6], 61, [2] p 300 $aAnnotation on Thomason copy: "July. 25". 300 $aReproduction of the original in the British Library. 330 $aeebo-0018 606 $aSpiritual healing$zEngland$vEarly works to 1800 615 0$aSpiritual healing 700 $aTillam$b Thomas$01005256 801 0$bCu-RivES 801 1$bCu-RivES 801 2$bCStRLIN 801 2$bWaOLN 906 $aBOOK 912 $a996392896503316 996 $aThe fourth principle of Christian religion: or, the foundation doctrine of laying on of hands$92310842 997 $aUNISA